000 01149nam a22003377a 4500
003 CHAP
005 20220329143241.0
008 070830d2005 mx a r 00110 spa d
010 _a93949
011 _a94921
020 _a9608745896
035 _a105521
040 _cCHAP
082 0 4 _a346.9
_bV4
100 1 _aVelestinlís, Rigas.
_9118474
245 1 4 _aLos escritos revolucionarios:
_bproclama revolucionaria ; los derechos del hombre ; la constitución ; thourios - canto de guerra
_c/por Rigas Velestinlís
260 _aAtenas :
_bSociedad Científica de Estudios sobre Feres-Velestino-Rigas,
_c2005.
300 _a182 p.:
_bilus.
500 _aBilingüe
590 _aBATCH-UPD
_b10
_c20130110
_lUCH01
_h0420
590 _aBATCH-UPD
_b10
_c20130410
_lUCH01
_h0054
590 _aBATCH-UPD
_b10
_c20130914
_lUCH01
_h1036
590 _aCONVERSION
_b10
_c20130109
_lUCH01
_h1352
650 1 4 _aConstitución.
_927372
650 1 4 _aDerechos civiles.
_931913
650 1 4 _aRevolucionarios.
_996714
901 _aBK
905 _aMarco A. Mendoza T.
942 _cLIBRO
949 _a346.9 V4
_bBC
_cLIBRO
_d33724002042900
_eLIBRO
_h109193
_i105521
_sb
999 _c93949
_d93949